000 00377 a2200157 4500
001 156428
020 _a9788547400620
040 _cEscola São Tomás de Aquino
100 _aLUZ, Antônio Máximo da
240 1 0 _aFísica contexto & aplicações
_lpor
245 1 0 _aFísica contexto & aplicações
300 _a256
362 0 _a2017
697 _aFÍSICA
942 _cBK
999 _c156428
_d156428